<?xml version="1.0" encoding="UTF-8"?><?xml-stylesheet type="text/xsl" href="static/style.xsl"?><OAI-PMH xmlns="http://www.openarchives.org/OAI/2.0/" xmlns:xsi="http://www.w3.org/2001/XMLSchema-instance" xsi:schemaLocation="http://www.openarchives.org/OAI/2.0/ http://www.openarchives.org/OAI/2.0/OAI-PMH.xsd"><responseDate>2026-04-27T14:37:07Z</responseDate><request verb="GetRecord" identifier="oai:uvadoc.uva.es:10324/62822" metadataPrefix="marc">https://uvadoc.uva.es/oai/request</request><GetRecord><record><header><identifier>oai:uvadoc.uva.es:10324/62822</identifier><datestamp>2024-11-11T14:37:32Z</datestamp><setSpec>com_10324_38</setSpec><setSpec>col_10324_785</setSpec></header><metadata><record xmlns="http://www.loc.gov/MARC21/slim" xmlns:doc="http://www.lyncode.com/xoai" xmlns:xsi="http://www.w3.org/2001/XMLSchema-instance" xmlns:dcterms="http://purl.org/dc/terms/" xsi:schemaLocation="http://www.loc.gov/MARC21/slim http://www.loc.gov/standards/marcxml/schema/MARC21slim.xsd">
<leader>00925njm 22002777a 4500</leader>
<datafield tag="042" ind1=" " ind2=" ">
<subfield code="a">dc</subfield>
</datafield>
<datafield tag="720" ind1=" " ind2=" ">
<subfield code="a">Izquierdo Sevilla, Enrique</subfield>
<subfield code="e">author</subfield>
</datafield>
<datafield tag="260" ind1=" " ind2=" ">
<subfield code="c">2023</subfield>
</datafield>
<datafield tag="520" ind1=" " ind2=" ">
<subfield code="a">El proyecto propuesto se crea con el fin de potenciar la vitalidad de esta parte sur de la ciudad de &#xd;
Valladolid, consiguiendo nuevos habitantes para ella que convivan con los actuales. Las nuevas&#xd;
viviendas ubicadas es un punto de unión entre la ciudad y el barrio las Villas, es una oportunidad&#xd;
para acercar al barrio, convirtiéndolo en un espacio mucho más permeable y abierto a la ciudad. El &#xd;
proyecto se integra con las construcciones existentes analizando los antecedentes históricos de la&#xd;
ciudad y adoptando una forma que respete al barrio.&#xd;
En continuación con la propuesta anterior de creación de un edificio de usos múltiples para el&#xd;
barrio, ahora el enunciado plantea la proyección de un conjunto de 75 viviendas en el Barrio Las&#xd;
Villas de Valladolid. El proyecto se presenta dentro del marco expuesto, “nuevos modos de &#xd;
habitar/nuevos modelos de convivencia”, el objetivo de este proyecto es encontrar territorios de&#xd;
investigación capaces de dar respuesta a los problemas heredados de la vivienda moderna, muchos de &#xd;
los cuales han quedado al descubierto durante la actual crisis sanitaria. Se proyectará un conjunto&#xd;
residencial híbrido con agrupaciones de viviendas para distintos colectivos y espacios comunes &#xd;
compartidos que relacione este ámbito con el barrio de Las Villas consiguiendo una unión de este&#xd;
barrio con la ciudad.</subfield>
</datafield>
<datafield tag="024" ind2=" " ind1="8">
<subfield code="a">https://uvadoc.uva.es/handle/10324/62822</subfield>
</datafield>
<datafield ind1=" " ind2=" " tag="653">
<subfield code="a">Vivienda cooperativa</subfield>
</datafield>
<datafield ind1=" " ind2=" " tag="653">
<subfield code="a">Barrio de las Villas (Valladolid, España)</subfield>
</datafield>
<datafield tag="245" ind1="0" ind2="0">
<subfield code="a">Nuevos modos de habitar / nuevos modelos de convivencia</subfield>
</datafield>
</record></metadata></record></GetRecord></OAI-PMH>